Animal chain quiz - Statistics

General Stats
  • This quiz has been taken 25 times
  • The average score is 10 of 14
Answer Stats
Hint Answer % Correct
A crocodilian Alligator
95%
Elmer, Nelly or Dumbo Elephant
90%
Tallest living terrestrial animal Giraffe
85%
Its babies are called joeys and they sit in their mother's pouch Kangaroo
85%
Small, pesky picnic stealer Ant
75%
Also known as the red bear-cat Red panda
75%
These animals can live to be more than 150 years' old Tortoise
75%
A shaggy ox with large horns Yak
75%
Animal found on the flag of Mexico Eagle
70%
A wild cat that can be found in Minecraft Ocelot
65%
This animal won't enjoy Christmas Turkey
65%
World's largest rodent Capybara
60%
The main character in Wind in the Willows Toad
55%
Marine animal related to a manatee Dugong
40%
No matching quizzes found
Score Distribution
Percent of People with Each Score
Percentile by Number Answered
Your Score History
You have not taken this quiz